A passionate calling / (Record no. 9431)

MARC details
000 -LEADER
fixed length control field 00949cam a2200301 i 4500
001 - CONTROL NUMBER
control field 17848523
003 - CONTROL NUMBER IDENTIFIER
control field GBCCL
005 - DATE AND TIME OF LATEST TRANSACTION
control field 20241126110712.0
008 - FIXED-LENGTH DATA ELEMENTS--GENERAL INFORMATION
fixed length control field 130813s2014 oru b 000 0 eng
010 ## -
-- 2013023640
020 ## - INTERNATIONAL STANDARD BOOK NUMBER
International Standard Book Number 9780736954877 (hardcover)
040 ## - CATALOGING SOURCE
Original cataloging agency DLC
Language of cataloging eng
Transcribing agency DLC
Description conventions rda
Modifying agency DLC
042 ## -
-- pcc
050 00 -
-- BV4211.3
-- .O35 2014
082 00 - DEWEY DECIMAL CLASSIFICATION NUMBER
Classification number 251
Edition information 23
Item number OGI
100 1# - MAIN ENTRY--PERSONAL NAME
Personal name Ogilvie, Lloyd John.
9 (RLIN) 551
245 12 - TITLE STATEMENT
Title A passionate calling /
Statement of responsibility, etc. Lloyd John Ogilvie.
264 #1 - PRODUCTION, PUBLICATION, DISTRIBUTION, MANUFACTURE, AND COPYRIGHT NOTICE
Place of production, publication, distribution, manufacture Eugene, OR :
Name of producer, publisher, distributor, manufacturer Harvest House Publishers,
Date of production, publication, distribution, manufacture, or copyright notice [2014]
300 ## - PHYSICAL DESCRIPTION
Extent 174 pages ;
Dimensions 20 cm
336 ## - CONTENT TYPE
Content type term text
Source rdacontent
337 ## - MEDIA TYPE
Media type term unmediated
Source rdamedia
338 ## - CARRIER TYPE
Carrier type term volume
Source rdacarrier
504 ## - BIBLIOGRAPHY, ETC. NOTE
Bibliography, etc. note Includes bibliographical references.
650 #0 - SUBJECT ADDED ENTRY--TOPICAL TERM
Topical term or geographic name entry element Preaching.
9 (RLIN) 404
906 ## - LOCAL DATA ELEMENT F, LDF (RLIN)
a 7
b cbc
c orignew
d 1
e ecip
f 20
g y-gencatlg
942 ## - ADDED ENTRY ELEMENTS (KOHA)
Source of classification or shelving scheme Dewey Decimal Classification
Koha item type Books
Koha issues (borrowed), all copies 1
Holdings
Withdrawn status Lost status Source of classification or shelving scheme Damaged status Not for loan Home library Current Library Shelving location Date acquired Total checkouts Full call number Barcode Date last seen Date last checked out Copy number Price effective from Koha item type
    Dewey Decimal Classification     GRACE BIBLE COLLEGE GRACE BIBLE COLLEGE Ministry & Mission 2022-12-06 1 251 OGI 015918 2025-05-01 2023-10-05 c.1 2022-12-06 Books
© Grace Bible College Library 2025